| Tag |
First Indicator |
Second Indicator |
Subfields |
| LEADER |
00000cas a2200000 a 4500 |
| 001 |
in00000029380 |
| 005 |
20171216063504.0 |
| 008 |
800630d19011902wauar s0 a0eng c |
| 010 |
|
|
|a gs 06001185
|z sn 88017039
|
| 035 |
|
|
|a (OCoLC)ocm06469711
|
| 035 |
|
|
|a (OCoLC)06469711
|
| 035 |
|
|
|9 AAD2248AM
|
| 040 |
|
|
|a U.S.Geol.Survey. Libr.
|b eng
|c TXA
|d HUL
|d DLC
|d WAU
|d AMAZN
|d OCLCQ
|d OCLCF
|d OCLCO
|
| 019 |
|
|
|a 35871458
|
| 029 |
1 |
|
|a AU@
|b 000014126570
|
| 035 |
|
|
|a (OCoLC)6469711
|z (OCoLC)35871458
|
| 042 |
|
|
|a pcc
|a premarc
|
| 043 |
|
|
|a n-us-wa
|
| 050 |
0 |
0 |
|a QE175
|b .A1
|
| 082 |
0 |
4 |
|a 557
|b W317a
|
| 049 |
|
|
|a TXAM
|
| 110 |
2 |
|
|a Washington Geological Survey (1911-1921)
|
| 245 |
1 |
0 |
|a Annual report for ... /
|c Washington Geological Survey.
|
| 264 |
|
1 |
|a Olympia, Wash. :
|b Gwin Hicks,
|c 1902-1903.
|
| 300 |
|
|
|a 2 volumes :
|b illustrations ;
|c 24 cm.
|
| 310 |
|
|
|a Annual
|
| 336 |
|
|
|a text
|b txt
|2 rdacontent
|
| 337 |
|
|
|a unmediated
|b n
|2 rdamedia
|
| 338 |
|
|
|a volume
|b nc
|2 rdacarrier
|
| 362 |
0 |
|
|a Vol. 1 (1901)-v. 2 (1902).
|
| 500 |
|
|
|a Vol. 2 published in Tacoma.
|
| 520 |
|
|
|a CONTENTS.--v. 1. pt. 1. Creation of a state geological survey, by H. Landes. An outline of the geology of Washington, by H. Landes. pt. 2. The metalliferous resources of Washington, except iron, by H. Landes, W. S. Thyng, D. A. Lyon and M. Roberts. pt. 3. The non-metalliferous resources of Washington, except coal, by H. Landes. pt. 4. The iron ores of Washington, by S. Shedd. The coal deposits of Washington, by H. Landes. pt. 5. The water resources of Washington. pt. 6. Bibliography of the literature referring to the geology of Washington, by R. Arnold.--v. 2. pt. 1. The building and ornamental stones of Washington, by S. Shedd. pt. 2. Coal deposits of Washington, by H. Landes and C. A. Ruddy.
|
| 610 |
2 |
0 |
|a Washington Geological Survey (1911-1921)
|v Periodicals.
|
| 650 |
|
0 |
|a Geology
|z Washington (State)
|v Periodicals.
|
| 650 |
|
0 |
|a Mines and mineral resources
|z Washington (State)
|v Periodicals.
|
| 610 |
2 |
7 |
|a Washington Geological Survey.
|2 fast
|0 (OCoLC)fst00532170
|
| 650 |
|
7 |
|a Geology.
|2 fast
|0 (OCoLC)fst00940627
|
| 650 |
|
7 |
|a Mines and mineral resources.
|2 fast
|0 (OCoLC)fst01022541
|
| 651 |
|
7 |
|a Washington (State)
|2 fast
|0 (OCoLC)fst01204703
|
| 655 |
|
7 |
|a Periodicals.
|2 fast
|0 (OCoLC)fst01411641
|
| 776 |
0 |
8 |
|i Online version:
|a Washington Geological Survey.
|t Annual report for ...
|w (OCoLC)569973930
|
| 850 |
|
|
|a DLC
|a MH-GS
|
| 994 |
|
|
|a C0
|b TXA
|
| 949 |
|
|
|a updated
|b h
|c 2016/9/20
|e coplinger
|f 10:31:32 am
|
| 999 |
f |
f |
|s 5946c280-ea43-3370-8400-65b6ab05767b
|i d0adbf07-8e07-3a17-9cc5-03ee805a8a0b
|t 0
|
| 952 |
f |
f |
|p storage
|a Texas A&M University
|b J.J. Pickle Campus
|c High Density Repository
|d Remote Storage
|t 0
|e QE175 .A1
|h Library of Congress classification
|i unmediated -- volume
|k v.1
|l 1901
|m A14813719888
|
| 952 |
f |
f |
|p storage
|a Texas A&M University
|b J.J. Pickle Campus
|c High Density Repository
|d Remote Storage
|t 0
|e QE175 .A1
|h Library of Congress classification
|i unmediated -- volume
|k v.2
|l 1902
|m A14813719730
|
| 998 |
f |
f |
|a QE175 .A1
|s v.1-2 (1901-1902)
|t 0
|l Remote Storage
|